Geboren in Bremen - Statistiken

Allgemein
  • Dieses Quiz wurde 75 mal gespielt
    5 seit der letzten Aktualisierung
  • Das Durchschnittsergebnis liegt bei 8 aus 26
Antwortstatistiken
Hinweis Antwort % Korrekt
YouTuberin unter anderem bekannt durch die Harry Potter Neusynchronisationen 1984 Coldmirror
75%
Fernsehmoderator, "Magazin Royale" besonders bekannt durch die Erdogan-Affäre 1981 Jan Böhmermann
75%
Fußballnationalspieler, Borussia Dortmund 1996 Julian Brandt
75%
Kaufmann, Kolonalist und Begründer der Kolonie Deutsch-Südwestafrika 1834 Adolf Lüderitz
50%
Tennisspielerin und Wimbledonsiegerin 1988 Angelique Kerber
50%
Autor, "Panikherz" 1975 Benjamin Stuckrad-Barre
50%
Schwimmer und Olympiasieger über 10 Kilometer Freiwasser 1997 Florian Wellbrock
50%
Sänger der Band Revolverheld 1980 Johannes Strate
50%
früherer Bundesumweltminister und Fraktionsvorsitzender der Grünen 1954 Jürgen Trittin
50%
Fußballnationalspieler, VfB Stuttgart 2002 Nick Woltemade
50%
Sänger, "Rooftop" "Better" 1993 Nico Santos
50%
Bürgermeister von Hamburg und SPD-Politiker 1966 Peter Tschentscher
50%
deutscher Torwart im Nachkriegs-England und Manchester City Legende 1923 Bert Trautmann
25%
Verleger und Gründer des Rowohlt-Verlags 1887 Ernst Rowohlt
25%
CDU-Politiker, früherer Bundespräsident und Bundestagspräsident 1914 Karl Carstens
25%
Langjähriger Vorsitzender der Deutschen Friedensgesellschaft, erhielt 1927 den Friedensnobelpreis 1858 Ludwig Quidde
25%
Schauspielerin, "Türkisch für Anfänger" "SOKO Leipzig" 1965 Anna Stieblich
0%
Schauspielerin, "Rosa Luxemburg" "Hannah Arendt" 1950 Barbara Sukowa
0%
Fernseh- und Radiomoderatorin 1963 Bärbel Schäfer
0%
Schauspieler, "Werk ohne Autor" "Comedian Harmonists" 1961 Ben Becker
0%
umstrittener Unternehmer und ehemaliger Miteigentümer von AWD 1959 Carsten Maschmeyer
0%
Schauspieler und Quizmaster, "Einer wird gewinnen" 1921 Hans-Joachim Kulenkampff
0%
Präsident des Bundeskriminalamts 1961 Holger Münch
0%
Schauspielerin, "München" Berlin-"Tatort" 1969 Meret Becker
0%
Regisseurin, "Maria ihm schmeckt's nicht" "Rico, Oskar und die Tieferschatten" 1978 Neele Vollmar
0%
CDU-Politikerin und langjährige Bürgermeisterin von Frankfurt 1944 Petra Roth
0%
Keine übereinstimmenden Quizze gefunden
Verteilung der Resultate
Anzahl Personen mit jedem Resultat
Perzentil nach korrekt beantworteten Fragen
Ihre Resultats-Entwicklung
Sie haben dieses Quiz seit der letzten Aktualisierung nicht gespielt